00233nam a2200097Ia 4500008004100000100001900041245001400060260003200074300000900106650002000115190216s9999||||xx |||||||||||||| ||und|| aVenugopalan K 0aAgrayanam bPoorna Pubs Kozhikodec1994 a167p aMalayalam Novel